The Self-Organizing Map Distortion Measure

Podrobná bibliografia
Hlavný autor: Zetocha, Petr (Autor)
Médium: Článok
Jazyk:angličtina
ISBN:9788080707774

MARC

LEADER 00000naa a2200000uu 4500
001 vtls011063598
003 SK-MaSNL
005 20260302131725.0
008 210906|2007 xo |||||||||||||||||eng|
015 |a SNBRA 
035 |a (urnnbn)urn:nbn:sk:snk:ar-a0c4oh 
035 |a (uuid)8b0a57f4-65e4-47ee-9ae8-583a4cc0a9e9 
035 |a urn:nbn:sk:snk-aavb5n 
040 |a SNKBUCL  |b slo  |c SNKBUCL  |e AACR2 
041 0 |a eng 
044 |a xo  |c SK 
100 1 |a Zetocha, Petr  |4 aut  |9 815937 
245 1 4 |a The Self-Organizing Map Distortion Measure  |c Petr Zetocha 
773 0 |t Digital Technologies 2007  |d Žilina : University of Žilina, 2007  |g S. 50  |z 9788080707774 
958 |a OND 
958 |a article12 
958 |a chapter 
999 |c 1309998  |d 1311928